[Event "Top 12 2021"]
[Site "Chalons en Champagne, France"]
[Date "2021.07.03"]
[Round "10.32"]
[White "Alexieva, Silvia CHA"]
[Black "Benmesbah, Natacha CLI"]
[Result "1/2-1/2"]
[WhiteElo "2271"]
[BlackElo "2223"]

1. d4 {[%clk 01:30:56]} {[%emt 00:00:04]} Nf6 {[%clk 01:30:56]} {[%emt
00:00:05]} 2. Nf3 {[%clk 01:31:20]} {[%emt 00:00:06]} e6 {[%clk 01:31:21]}
{[%emt 00:00:05]} 3. g3 {[%clk 01:31:27]} {[%emt 00:00:23]} b5 {[%clk
01:31:17]} {[%emt 00:00:35]} 4. Bg2 {[%clk 01:31:31]} {[%emt 00:00:25]} Bb7
{[%clk 01:31:43]} {[%emt 00:00:04]} 5. O-O {[%clk 01:29:18]} {[%emt 00:02:44]}
c5 {[%clk 01:30:19]} {[%emt 00:01:54]} 6. c3 {[%clk 01:29:05]} {[%emt
00:00:43]} Be7 {[%clk 01:28:46]} {[%emt 00:02:03]} 7. Bg5 {[%clk 01:29:15]}
{[%emt 00:00:19]} h6 {[%clk 01:26:45]} {[%emt 00:02:31]} 8. Bxf6 {[%clk
01:28:34]} {[%emt 00:01:11]} Bxf6 {[%clk 01:27:10]} {[%emt 00:00:05]} 9. dxc5
{[%clk 01:27:23]} {[%emt 00:01:41]} Qc8 {[%clk 01:24:20]} {[%emt 00:03:20]} 10.
b4 {[%clk 01:09:29]} {[%emt 00:18:25]} O-O {[%clk 01:22:15]} {[%emt 00:02:35]}
11. a4 {[%clk 01:07:10]} {[%emt 00:02:49]} bxa4 {[%clk 01:15:02]} {[%emt
00:07:44]} 12. Rxa4 {[%clk 01:06:28]} {[%emt 00:01:11]} a5 {[%clk 01:14:06]}
{[%emt 00:01:26]} 13. Qb3 {[%clk 00:59:56]} {[%emt 00:07:02]} axb4 {[%clk
01:09:03]} {[%emt 00:05:33]} 14. Rxa8 {[%clk 00:59:25]} {[%emt 00:01:01]} Bxa8
{[%clk 01:09:29]} {[%emt 00:00:04]} 15. cxb4 {[%clk 00:59:47]} {[%emt
00:00:08]} Bd5 {[%clk 01:08:41]} {[%emt 00:01:19]} 16. Qa3 {[%clk 00:55:09]}
{[%emt 00:05:07]} Qa6 {[%clk 01:08:33]} {[%emt 00:00:39]} 17. Nfd2 {[%clk
00:47:28]} {[%emt 00:08:11]} Qxa3 {[%clk 00:56:27]} {[%emt 00:12:36]} 18. Nxa3
{[%clk 00:47:54]} {[%emt 00:00:04]} Bc3 {[%clk 00:51:16]} {[%emt 00:05:41]} 19.
Nab1 {[%clk 00:38:04]} {[%emt 00:10:19]} Bxg2 {[%clk 00:51:27]} {[%emt
00:00:19]} 20. Kxg2 {[%clk 00:38:30]} {[%emt 00:00:04]} Bxb4 {[%clk 00:51:53]}
{[%emt 00:00:04]} 21. Nb3 {[%clk 00:38:12]} {[%emt 00:00:48]} Rc8 {[%clk
00:48:43]} {[%emt 00:03:39]} 22. Rc1 {[%clk 00:37:50]} {[%emt 00:00:52]} Na6
{[%clk 00:41:45]} {[%emt 00:07:29]} 23. Nc3 {[%clk 00:36:28]} {[%emt 00:01:51]}
f5 {[%clk 00:31:52]} {[%emt 00:10:24]} 24. Na4 {[%clk 00:29:22]} {[%emt
00:07:35]} Kf7 {[%clk 00:28:57]} {[%emt 00:03:25]} 25. Kf3 {[%clk 00:28:13]}
{[%emt 00:01:40]} Ba3 {[%clk 00:24:42]} {[%emt 00:04:45]} 26. Rc3 {[%clk
00:28:17]} {[%emt 00:00:25]} Bb4 {[%clk 00:23:32]} {[%emt 00:01:40]} 1/2-1/2

[Event "Top 12 2021"]
[Site "Chalons en Champagne, France"]
[Date "2021.07.03"]
[Round "10.33"]
[White "Solodovnichenko, Yuri VAN"]
[Black "Fressinet, Laurent BIS"]
[Result "1/2-1/2"]
[WhiteElo "2546"]
[BlackElo "2638"]

1. e4 {[%clk 01:30:55]} {[%emt 00:00:03]} e5 {[%clk 01:30:22]} {[%emt
00:00:39]} 2. Nf3 {[%clk 01:31:20]} {[%emt 00:00:05]} Nc6 {[%clk 01:30:47]}
{[%emt 00:00:05]} 3. d4 {[%clk 01:31:06]} {[%emt 00:00:44]} exd4 {[%clk
01:31:07]} {[%emt 00:00:09]} 4. Nxd4 {[%clk 01:31:32]} {[%emt 00:00:05]} Nf6
{[%clk 01:31:33]} {[%emt 00:00:04]} 5. Nxc6 {[%clk 01:31:54]} {[%emt 00:00:08]}
bxc6 {[%clk 01:31:58]} {[%emt 00:00:04]} 6. Bd3 {[%clk 01:32:14]} {[%emt
00:00:10]} d5 {[%clk 01:30:40]} {[%emt 00:01:49]} 7. Qe2 {[%clk 01:32:34]}
{[%emt 00:00:10]} dxe4 {[%clk 01:23:08]} {[%emt 00:08:01]} 8. Nc3 {[%clk
01:32:52]} {[%emt 00:00:12]} Bb4 {[%clk 01:20:36]} {[%emt 00:03:01]} 9. Bxe4
{[%clk 01:32:55]} {[%emt 00:00:26]} Bxc3+ {[%clk 01:10:25]} {[%emt 00:10:41]}
10. bxc3 {[%clk 01:33:19]} {[%emt 00:00:06]} Nxe4 {[%clk 01:09:58]} {[%emt
00:00:58]} 11. Qxe4+ {[%clk 01:33:44]} {[%emt 00:00:05]} Qe7 {[%clk 01:10:21]}
{[%emt 00:00:06]} 12. Qxe7+ {[%clk 01:34:09]} {[%emt 00:00:06]} Kxe7 {[%clk
01:10:48]} {[%emt 00:00:03]} 13. Bf4 {[%clk 01:34:33]} {[%emt 00:00:06]} Re8
{[%clk 01:05:33]} {[%emt 00:05:45]} 14. O-O-O {[%clk 01:31:14]} {[%emt
00:03:50]} Be6 {[%clk 01:03:27]} {[%emt 00:02:36]} 15. a3 {[%clk 01:30:48]}
{[%emt 00:00:57]} Bd5 {[%clk 01:00:06]} {[%emt 00:03:51]} 16. f3 {[%clk
01:28:11]} {[%emt 00:03:06]} Kf8 {[%clk 00:57:20]} {[%emt 00:03:16]} 17. Bxc7
{[%clk 01:26:56]} {[%emt 00:01:45]} Re2 {[%clk 00:57:15]} {[%emt 00:00:35]} 18.
Rd2 {[%clk 01:27:19]} {[%emt 00:00:08]} Rae8 {[%clk 00:57:19]} {[%emt
00:00:26]} 19. Bd6+ {[%clk 01:26:59]} {[%emt 00:00:49]} Kg8 {[%clk 00:54:28]}
{[%emt 00:03:22]} 20. Rhd1 {[%clk 01:27:14]} {[%emt 00:00:15]} f6 {[%clk
00:53:45]} {[%emt 00:01:13]} 21. Kb2 {[%clk 01:22:47]} {[%emt 00:04:55]} h5
{[%clk 00:51:44]} {[%emt 00:02:33]} 22. h4 {[%clk 01:12:24]} {[%emt 00:10:52]}
g5 {[%clk 00:45:42]} {[%emt 00:06:32]} 23. hxg5 {[%clk 01:11:12]} {[%emt
00:01:43]} fxg5 {[%clk 00:46:04]} {[%emt 00:00:07]} 24. c4 {[%clk 00:59:10]}
{[%emt 00:12:34]} Bxc4 {[%clk 00:40:07]} {[%emt 00:06:27]} 25. Kc3 {[%clk
00:59:35]} {[%emt 00:00:04]} Rxd2 {[%clk 00:36:21]} {[%emt 00:04:16]} 26. Rxd2
{[%clk 01:00:01]} {[%emt 00:00:04]} Re2 {[%clk 00:36:38]} {[%emt 00:00:12]} 27.
Bc5 {[%clk 01:00:22]} {[%emt 00:00:10]} Rxd2 {[%clk 00:36:35]} {[%emt
00:00:33]} 28. Kxd2 {[%clk 01:00:49]} {[%emt 00:00:03]} a6 {[%clk 00:36:45]}
{[%emt 00:00:21]} 29. Be7 {[%clk 01:01:02]} {[%emt 00:00:16]} g4 {[%clk
00:35:50]} {[%emt 00:01:24]} 30. f4 {[%clk 01:01:06]} {[%emt 00:00:26]} g3
{[%clk 00:33:43]} {[%emt 00:02:38]} 31. Ke1 {[%clk 01:01:19]} {[%emt 00:00:17]}
Bd5 {[%clk 00:32:49]} {[%emt 00:01:24]} 32. Kf1 {[%clk 01:01:27]} {[%emt
00:00:22]} Be4 {[%clk 00:31:38]} {[%emt 00:01:41]} 33. Bh4 {[%clk 00:53:10]}
{[%emt 00:08:47]} 1/2-1/2

[Event "Top 12 2021"]
[Site "Chalons en Champagne, France"]
[Date "2021.07.03"]
[Round "10.34"]
[White "Ragger, Markus BIS"]
[Black "Philippe, Christophe VAN"]
[Result "1-0"]
[WhiteElo "2680"]
[BlackElo "2386"]

1. e4 {[%clk 01:30:57]} {[%emt 00:00:02]} g6 {[%clk 01:30:49]} {[%emt
00:00:11]} 2. d4 {[%clk 01:30:43]} {[%emt 00:00:45]} c6 {[%clk 01:31:11]}
{[%emt 00:00:08]} 3. Nf3 {[%clk 01:30:12]} {[%emt 00:01:00]} d5 {[%clk
01:30:50]} {[%emt 00:00:50]} 4. e5 {[%clk 01:29:59]} {[%emt 00:00:44]} Bg4
{[%clk 01:30:10]} {[%emt 00:01:10]} 5. Nbd2 {[%clk 01:29:25]} {[%emt 00:01:03]}
c5 {[%clk 01:21:41]} {[%emt 00:08:59]} 6. dxc5 {[%clk 01:25:29]} {[%emt
00:04:26]} Nc6 {[%clk 01:22:06]} {[%emt 00:00:04]} 7. h3 {[%clk 01:21:44]}
{[%emt 00:04:17]} Bxf3 {[%clk 01:22:24]} {[%emt 00:00:12]} 8. Nxf3 {[%clk
01:22:12]} {[%emt 00:00:02]} Bg7 {[%clk 01:20:52]} {[%emt 00:02:01]} 9. Bd3
{[%clk 01:07:33]} {[%emt 00:15:09]} Qc7 {[%clk 01:13:31]} {[%emt 00:07:51]} 10.
O-O {[%clk 01:06:32]} {[%emt 00:01:31]} e6 {[%clk 01:10:30]} {[%emt 00:03:30]}
11. Bf4 {[%clk 01:03:20]} {[%emt 00:03:43]} Nge7 {[%clk 01:09:22]} {[%emt
00:01:37]} 12. Re1 {[%clk 01:01:45]} {[%emt 00:02:06]} O-O {[%clk 01:03:09]}
{[%emt 00:06:44]} 13. Qd2 {[%clk 00:52:41]} {[%emt 00:09:34]} a5 {[%clk
01:00:36]} {[%emt 00:03:03]} 14. c3 {[%clk 00:47:22]} {[%emt 00:05:49]} Rfd8
{[%clk 00:56:40]} {[%emt 00:04:26]} 15. Nd4 {[%clk 00:41:52]} {[%emt 00:06:00]}
a4 {[%clk 00:42:35]} {[%emt 00:14:35]} 16. Nb5 {[%clk 00:40:52]} {[%emt
00:01:30]} Qa5 {[%clk 00:42:54]} {[%emt 00:00:11]} 17. Bg5 {[%clk 00:33:24]}
{[%emt 00:07:58]} Rd7 {[%clk 00:37:01]} {[%emt 00:06:23]} 18. Qf4 {[%clk
00:33:20]} {[%emt 00:00:34]} d4 {[%clk 00:18:07]} {[%emt 00:19:24]} 19. cxd4
{[%clk 00:32:14]} {[%emt 00:01:36]} Nf5 {[%clk 00:16:32]} {[%emt 00:02:05]} 20.
Nd6 {[%clk 00:25:32]} {[%emt 00:07:12]} Nfxd4 {[%clk 00:16:01]} {[%emt
00:01:01]} 21. Rac1 {[%clk 00:25:58]} {[%emt 00:00:03]} b6 {[%clk 00:12:06]}
{[%emt 00:04:26]} 22. Bf6 {[%clk 00:22:28]} {[%emt 00:03:59]} Bf8 {[%clk
00:10:23]} {[%emt 00:02:13]} 23. cxb6 {[%clk 00:18:47]} {[%emt 00:04:11]} Qxb6
{[%clk 00:10:47]} {[%emt 00:00:06]} 24. Be4 {[%clk 00:18:05]} {[%emt 00:01:11]}
Ra6 {[%clk 00:09:27]} {[%emt 00:01:51]} 25. Qd2 {[%clk 00:15:03]} {[%emt
00:03:31]} Qb8 {[%clk 00:06:09]} {[%emt 00:03:49]} 26. Rc4 {[%clk 00:13:34]}
{[%emt 00:01:57]} Bxd6 {[%clk 00:03:06]} {[%emt 00:03:34]} 27. exd6 {[%clk
00:13:59]} {[%emt 00:00:06]} Rxd6 {[%clk 00:03:13]} {[%emt 00:00:23]} 28. Bxd4
{[%clk 00:13:35]} {[%emt 00:00:54]} 1-0

[Event "Top 12 2021"]
[Site "Chalons en Champagne, France"]
[Date "2021.07.03"]
[Round "10.35"]
[White "Hamitevici, Vladimir VAN"]
[Black "Cheparinov, Ivan BIS"]
[Result "1/2-1/2"]
[WhiteElo "2456"]
[BlackElo "2667"]

1. d4 {[%clk 01:29:18]} {[%emt 00:00:27]} d5 {[%clk 01:30:53]} {[%emt
00:00:07]} 2. Nf3 {[%clk 01:29:02]} {[%emt 00:00:46]} Nf6 {[%clk 01:31:16]}
{[%emt 00:00:07]} 3. c4 {[%clk 01:26:30]} {[%emt 00:03:03]} c6 {[%clk
01:31:40]} {[%emt 00:00:06]} 4. Qb3 {[%clk 01:25:30]} {[%emt 00:01:30]} e6
{[%clk 01:31:50]} {[%emt 00:00:20]} 5. g3 {[%clk 01:24:26]} {[%emt 00:01:35]}
Be7 {[%clk 01:28:37]} {[%emt 00:03:42]} 6. Bg2 {[%clk 01:24:35]} {[%emt
00:00:21]} O-O {[%clk 01:28:54]} {[%emt 00:00:12]} 7. O-O {[%clk 01:22:35]}
{[%emt 00:02:31]} a5 {[%clk 01:29:15]} {[%emt 00:00:09]} 8. Nbd2 {[%clk
01:20:23]} {[%emt 00:02:42]} Na6 {[%clk 01:20:20]} {[%emt 00:09:25]} 9. Rd1
{[%clk 01:15:41]} {[%emt 00:05:12]} c5 {[%clk 01:17:46]} {[%emt 00:03:04]} 10.
dxc5 {[%clk 01:04:26]} {[%emt 00:11:45]} Nxc5 {[%clk 01:17:38]} {[%emt
00:00:39]} 11. Qc2 {[%clk 01:04:50]} {[%emt 00:00:05]} a4 {[%clk 01:13:23]}
{[%emt 00:04:44]} 12. Rb1 {[%clk 01:01:36]} {[%emt 00:03:44]} b5 {[%clk
01:01:22]} {[%emt 00:12:32]} 13. b4 {[%clk 00:56:39]} {[%emt 00:05:27]} axb3
{[%clk 01:00:56]} {[%emt 00:00:57]} 14. axb3 {[%clk 00:57:03]} {[%emt
00:00:06]} bxc4 {[%clk 00:59:14]} {[%emt 00:02:12]} 15. Nxc4 {[%clk 00:53:03]}
{[%emt 00:04:30]} Bb7 {[%clk 00:50:42]} {[%emt 00:09:01]} 16. Bf4 {[%clk
00:45:18]} {[%emt 00:08:15]} Rc8 {[%clk 00:49:50]} {[%emt 00:01:22]} 17. Qb2
{[%clk 00:38:52]} {[%emt 00:06:56]} Nce4 {[%clk 00:48:38]} {[%emt 00:01:41]} 18.
Nfd2 {[%clk 00:21:16]} {[%emt 00:18:07]} Nxf2 {[%clk 00:45:10]} {[%emt
00:03:59]} 19. Kxf2 {[%clk 00:21:27]} {[%emt 00:00:19]} dxc4 {[%clk 00:45:26]}
{[%emt 00:00:14]} 20. Nxc4 {[%clk 00:18:03]} {[%emt 00:03:54]} Bc5+ {[%clk
00:45:34]} {[%emt 00:00:22]} 21. Kf1 {[%clk 00:16:09]} {[%emt 00:02:25]} Qe7
{[%clk 00:42:01]} {[%emt 00:04:02]} 22. Be3 {[%clk 00:11:37]} {[%emt 00:05:02]}
Ng4 {[%clk 00:40:29]} {[%emt 00:02:02]} 23. Bxc5 {[%clk 00:06:12]} {[%emt
00:05:56]} Rxc5 {[%clk 00:35:24]} {[%emt 00:05:35]} 24. h3 {[%clk 00:04:17]}
{[%emt 00:02:24]} Rf5+ {[%clk 00:28:32]} {[%emt 00:07:21]} 25. Kg1 {[%clk
00:03:08]} {[%emt 00:01:39]} Rf2 {[%clk 00:28:19]} {[%emt 00:00:43]} 26. Bf1
{[%clk 00:01:48]} {[%emt 00:01:51]} Qc7 {[%clk 00:17:20]} {[%emt 00:11:29]} 27.
Rd6 {[%clk 00:02:12]} {[%emt 00:00:06]} Rxf1+ {[%clk 00:07:41]} {[%emt
00:10:10]} 28. Rxf1 {[%clk 00:02:37]} {[%emt 00:00:04]} Ne3 {[%clk 00:08:00]}
{[%emt 00:00:10]} 29. Rf4 {[%clk 00:02:55]} {[%emt 00:00:12]} Nxc4 {[%clk
00:06:49]} {[%emt 00:01:42]} 30. bxc4 {[%clk 00:03:23]} {[%emt 00:00:01]} Qxd6
{[%clk 00:06:59]} {[%emt 00:00:19]} 31. Qxb7 {[%clk 00:03:52]} {[%emt
00:00:02]} f5 {[%clk 00:06:56]} {[%emt 00:00:33]} 32. Qb3 {[%clk 00:02:40]}
{[%emt 00:01:42]} Qc5+ {[%clk 00:04:45]} {[%emt 00:02:41]} 33. Kg2 {[%clk
00:01:51]} {[%emt 00:01:19]} Rd8 {[%clk 00:03:15]} {[%emt 00:01:59]} 34. Rf3
{[%clk 00:00:58]} {[%emt 00:01:24]} Rd4 {[%clk 00:01:50]} {[%emt 00:01:55]} 35.
Qb5 {[%clk 00:00:50]} {[%emt 00:00:38]} Qxb5 {[%clk 00:00:57]} {[%emt
00:01:24]} 36. cxb5 {[%clk 00:01:19]} {[%emt 00:00:01]} Rb4 {[%clk 00:01:22]}
{[%emt 00:00:05]} 37. Re3 {[%clk 00:01:45]} {[%emt 00:00:04]} Kf7 {[%clk
00:01:48]} {[%emt 00:00:03]} 38. Re5 {[%clk 00:01:45]} {[%emt 00:00:30]} g5
{[%clk 00:00:43]} {[%emt 00:01:35]} 39. Rc5 {[%clk 00:01:51]} {[%emt 00:00:24]}
h5 {[%clk 00:00:38]} {[%emt 00:00:34]} 40. Rc7+ {[%clk 00:31:52]} {[%emt
00:00:30]} Kf6 {[%clk 00:31:04]} {[%emt 00:00:04]} 41. Rh7 {[%clk 00:30:05]}
{[%emt 00:02:16]} h4 {[%clk 00:30:10]} {[%emt 00:01:24]} 42. gxh4 {[%clk
00:25:21]} {[%emt 00:05:14]} gxh4 {[%clk 00:30:38]} {[%emt 00:00:02]} 43. Rh6+
{[%clk 00:25:41]} {[%emt 00:00:10]} Ke5 {[%clk 00:30:57]} {[%emt 00:00:11]} 44.
b6 {[%clk 00:26:03]} {[%emt 00:00:09]} Rxb6 {[%clk 00:30:13]} {[%emt 00:01:13]}
1/2-1/2

[Event "Top 12 2021"]
[Site "Chalons en Champagne, France"]
[Date "2021.07.03"]
[Round "10.37"]
[White "Brunner, Nicolas VAN"]
[Black "Rodshtein, Maxim BIS"]
[Result "1/2-1/2"]
[WhiteElo "2418"]
[BlackElo "2614"]

1. d4 {[%clk 01:30:58]} {[%emt 00:00:02]} Nf6 {[%clk 01:30:41]} {[%emt
00:00:19]} 2. c4 {[%clk 01:31:22]} {[%emt 00:00:05]} e6 {[%clk 01:30:54]}
{[%emt 00:00:18]} 3. Nc3 {[%clk 01:31:44]} {[%emt 00:00:07]} Bb4 {[%clk
01:30:36]} {[%emt 00:00:48]} 4. Nf3 {[%clk 01:32:07]} {[%emt 00:00:07]} b6
{[%clk 01:25:08]} {[%emt 00:05:59]} 5. e3 {[%clk 01:32:20]} {[%emt 00:00:16]}
O-O {[%clk 01:24:01]} {[%emt 00:01:37]} 6. Bd3 {[%clk 01:32:39]} {[%emt
00:00:11]} d5 {[%clk 01:18:01]} {[%emt 00:06:31]} 7. O-O {[%clk 01:32:24]}
{[%emt 00:00:44]} Bb7 {[%clk 01:15:17]} {[%emt 00:03:15]} 8. cxd5 {[%clk
01:32:13]} {[%emt 00:00:41]} exd5 {[%clk 01:15:42]} {[%emt 00:00:05]} 9. Ne5
{[%clk 01:30:56]} {[%emt 00:01:46]} Be7 {[%clk 01:02:06]} {[%emt 00:14:07]} 10.
f4 {[%clk 01:27:48]} {[%emt 00:03:38]} c5 {[%clk 01:01:54]} {[%emt 00:00:42]}
11. Qf3 {[%clk 01:23:24]} {[%emt 00:04:53]} Nc6 {[%clk 00:53:40]} {[%emt
00:08:45]} 12. Kh1 {[%clk 01:03:50]} {[%emt 00:20:04]} cxd4 {[%clk 00:41:27]}
{[%emt 00:12:43]} 13. Nxc6 {[%clk 01:03:46]} {[%emt 00:00:34]} Bxc6 {[%clk
00:41:52]} {[%emt 00:00:05]} 14. exd4 {[%clk 01:04:10]} {[%emt 00:00:06]} Re8
{[%clk 00:41:21]} {[%emt 00:01:01]} 15. Be3 {[%clk 00:40:26]} {[%emt 00:24:13]}
Bb4 {[%clk 00:30:59]} {[%emt 00:10:52]} 16. Rac1 {[%clk 00:38:15]} {[%emt
00:02:41]} Qd7 {[%clk 00:30:12]} {[%emt 00:01:18]} 17. Rfd1 {[%clk 00:36:51]}
{[%emt 00:01:54]} Rac8 {[%clk 00:23:26]} {[%emt 00:07:16]} 18. f5 {[%clk
00:27:31]} {[%emt 00:09:50]} Bxc3 {[%clk 00:19:06]} {[%emt 00:04:49]} 19. Rxc3
{[%clk 00:27:40]} {[%emt 00:00:20]} Bb5 {[%clk 00:11:36]} {[%emt 00:08:00]} 20.
Rxc8 {[%clk 00:27:38]} {[%emt 00:00:32]} Rxc8 {[%clk 00:11:59]} {[%emt
00:00:07]} 21. Bb1 {[%clk 00:27:51]} {[%emt 00:00:17]} Qe7 {[%clk 00:09:52]}
{[%emt 00:02:38]} 22. h3 {[%clk 00:25:17]} {[%emt 00:03:04]} Re8 {[%clk
00:08:38]} {[%emt 00:01:44]} 23. Re1 {[%clk 00:25:16]} {[%emt 00:00:30]} Qb4
{[%clk 00:08:38]} {[%emt 00:00:30]} 24. Qf2 {[%clk 00:25:12]} {[%emt 00:00:34]}
h6 {[%clk 00:07:44]} {[%emt 00:01:25]} 25. Qd2 {[%clk 00:24:03]} {[%emt
00:01:38]} Qd6 {[%clk 00:07:27]} {[%emt 00:00:48]} 26. Bg1 {[%clk 00:21:25]}
{[%emt 00:03:07]} Ne4 {[%clk 00:07:24]} {[%emt 00:00:33]} 27. Bxe4 {[%clk
00:21:31]} {[%emt 00:00:24]} dxe4 {[%clk 00:07:49]} {[%emt 00:00:05]} 28. Be3
{[%clk 00:17:57]} {[%emt 00:04:04]} Rd8 {[%clk 00:05:43]} {[%emt 00:02:36]} 29.
Qf2 {[%clk 00:16:54]} {[%emt 00:01:33]} f6 {[%clk 00:03:37]} {[%emt 00:02:37]}
30. Rc1 {[%clk 00:16:59]} {[%emt 00:00:25]} Be8 {[%clk 00:02:50]} {[%emt
00:01:16]} 31. Qc2 {[%clk 00:15:50]} {[%emt 00:01:39]} Bf7 {[%clk 00:02:44]}
{[%emt 00:00:36]} 32. a3 {[%clk 00:12:59]} {[%emt 00:03:21]} Qd5 {[%clk
00:02:51]} {[%emt 00:00:23]} 33. g4 {[%clk 00:10:46]} {[%emt 00:02:42]} Qb5
{[%clk 00:03:03]} {[%emt 00:00:18]} 34. Kg2 {[%clk 00:09:02]} {[%emt 00:02:13]}
a5 {[%clk 00:03:10]} {[%emt 00:00:24]} 35. Kg3 {[%clk 00:07:05]} {[%emt
00:02:27]} Kh7 {[%clk 00:02:54]} {[%emt 00:00:47]} 36. Kh4 {[%clk 00:03:50]}
{[%emt 00:03:44]} Re8 {[%clk 00:00:50]} {[%emt 00:02:35]} 37. Kg3 {[%clk
00:02:54]} {[%emt 00:01:25]} Re7 {[%clk 00:00:43]} {[%emt 00:00:37]} 38. Kh4
{[%clk 00:03:01]} {[%emt 00:00:24]} Bd5 {[%clk 00:00:37]} {[%emt 00:00:36]} 39.
Kg3 {[%clk 00:03:06]} {[%emt 00:00:25]} Rd7 {[%clk 00:00:38]} {[%emt 00:00:29]}
40. Kh4 {[%clk 00:31:42]} {[%emt 00:01:53]} Re7 {[%clk 00:30:34]} {[%emt
00:00:34]} 41. Kg3 {[%clk 00:31:37]} {[%emt 00:00:35]} Bf7 {[%clk 00:26:26]}
{[%emt 00:04:38]} 42. Kh4 {[%clk 00:26:27]} {[%emt 00:05:40]} a4 {[%clk
00:25:34]} {[%emt 00:01:23]} 43. Qd2 {[%clk 00:25:28]} {[%emt 00:01:29]} Rd7
{[%clk 00:20:03]} {[%emt 00:06:01]} 44. Qc2 {[%clk 00:22:11]} {[%emt 00:03:47]}
Bd5 {[%clk 00:12:21]} {[%emt 00:08:12]} 45. Qd2 {[%clk 00:22:00]} {[%emt
00:00:40]} Ra7 {[%clk 00:08:28]} {[%emt 00:04:24]} 46. Rc8 {[%clk 00:17:09]}
{[%emt 00:05:20]} Qd7 {[%clk 00:05:49]} {[%emt 00:03:09]} 47. Qc1 {[%clk
00:16:25]} {[%emt 00:01:13]} Qb5 {[%emt 00:04:06]} 1/2-1/2

[Event "Top 12 2021"]
[Site "Chalons en Champagne, France"]
[Date "2021.07.03"]
[Round "10.38"]
[White "Maze, Sebastien BIS"]
[Black "Frantz, Nicolas VAN"]
[Result "1-0"]
[WhiteElo "2539"]
[BlackElo "2140"]

1. e4 {[%clk 01:30:43]} {[%emt 00:00:16]} c5 {[%clk 01:30:30]} {[%emt
00:00:31]} 2. Nf3 {[%clk 01:30:48]} {[%emt 00:00:26]} Nc6 {[%clk 01:30:49]}
{[%emt 00:00:10]} 3. Bb5 {[%clk 01:31:11]} {[%emt 00:00:08]} e6 {[%clk
01:31:12]} {[%emt 00:00:07]} 4. O-O {[%clk 01:31:38]} {[%emt 00:00:04]} Nge7
{[%clk 01:31:33]} {[%emt 00:00:09]} 5. c3 {[%clk 01:32:05]} {[%emt 00:00:03]}
a6 {[%clk 01:30:48]} {[%emt 00:01:15]} 6. Ba4 {[%clk 01:32:04]} {[%emt
00:00:32]} b5 {[%clk 01:31:06]} {[%emt 00:00:12]} 7. Bc2 {[%clk 01:32:31]}
{[%emt 00:00:02]} Bb7 {[%clk 01:29:23]} {[%emt 00:02:12]} 8. Re1 {[%clk
01:32:50]} {[%emt 00:00:12]} Rc8 {[%clk 01:29:16]} {[%emt 00:00:37]} 9. a4
{[%clk 01:31:02]} {[%emt 00:02:18]} b4 {[%clk 01:18:47]} {[%emt 00:10:58]} 10.
d4 {[%clk 01:23:10]} {[%emt 00:08:24]} bxc3 {[%clk 01:11:09]} {[%emt 00:08:08]}
11. d5 {[%clk 01:23:30]} {[%emt 00:00:10]} Nb4 {[%clk 01:01:21]} {[%emt
00:10:18]} 12. bxc3 {[%clk 01:15:43]} {[%emt 00:08:16]} Nxc2 {[%clk 01:01:29]}
{[%emt 00:00:22]} 13. Qxc2 {[%clk 01:16:12]} {[%emt 00:00:02]} Ng6 {[%clk
00:52:21]} {[%emt 00:09:38]} 14. c4 {[%clk 01:11:09]} {[%emt 00:05:33]} Be7
{[%clk 00:45:25]} {[%emt 00:07:26]} 15. Nc3 {[%clk 01:09:50]} {[%emt 00:01:50]}
O-O {[%clk 00:41:31]} {[%emt 00:04:23]} 16. Bd2 {[%clk 01:09:33]} {[%emt
00:00:47]} Qc7 {[%clk 00:31:30]} {[%emt 00:10:32]} 17. a5 {[%clk 01:04:16]}
{[%emt 00:05:46]} Bd6 {[%clk 00:29:11]} {[%emt 00:02:49]} 18. Rab1 {[%clk
01:01:05]} {[%emt 00:03:41]} Rb8 {[%clk 00:27:23]} {[%emt 00:02:18]} 19. Na4
{[%clk 01:00:30]} {[%emt 00:01:05]} f5 {[%clk 00:24:52]} {[%emt 00:03:01]} 20.
Nb6 {[%clk 01:00:05]} {[%emt 00:00:54]} fxe4 {[%clk 00:20:55]} {[%emt
00:04:28]} 21. Rxe4 {[%clk 00:54:11]} {[%emt 00:06:24]} Rf5 {[%clk 00:13:51]}
{[%emt 00:07:33]} 22. h3 {[%clk 00:43:07]} {[%emt 00:11:34]} exd5 {[%clk
00:12:58]} {[%emt 00:01:24]} 23. cxd5 {[%clk 00:39:00]} {[%emt 00:04:37]} Rbf8
{[%clk 00:09:33]} {[%emt 00:03:55]} 24. Qc4 {[%clk 00:30:30]} {[%emt 00:08:59]}
Kh8 {[%clk 00:06:51]} {[%emt 00:03:12]} 25. Rb3 {[%clk 00:23:59]} {[%emt
00:07:01]} Ne7 {[%clk 00:02:59]} {[%emt 00:04:22]} 26. Rd3 {[%clk 00:23:28]}
{[%emt 00:01:00]} Nc8 {[%clk 00:03:23]} {[%emt 00:00:06]} 27. Nxc8 {[%clk
00:22:45]} {[%emt 00:01:13]} Qxc8 {[%clk 00:03:46]} {[%emt 00:00:07]} 28. Bc3
{[%clk 00:22:55]} {[%emt 00:00:20]} Rf4 {[%clk 00:01:53]} {[%emt 00:02:23]} 29.
Ne5 {[%clk 00:20:13]} {[%emt 00:03:12]} Rxf2 {[%clk 00:01:08]} {[%emt
00:01:15]} 30. Nf3 {[%clk 00:19:43]} {[%emt 00:01:00]} R2xf3 {[%clk 00:00:48]}
{[%emt 00:00:51]} 31. Rxf3 {[%clk 00:19:37]} {[%emt 00:00:35]} Rxf3 {[%clk
00:00:34]} {[%emt 00:00:44]} 32. gxf3 {[%clk 00:20:06]} {[%emt 00:00:01]} Kg8
{[%clk 00:00:33]} {[%emt 00:00:32]} 33. Rg4 {[%clk 00:14:28]} {[%emt 00:06:07]}
Bf8 {[%clk 00:00:32]} {[%emt 00:00:31]} 34. d6+ {[%clk 00:14:50]} {[%emt
00:00:07]} Kh8 {[%clk 00:00:58]} {[%emt 00:00:04]} 35. Qf7 {[%clk 00:15:16]}
{[%emt 00:00:04]} 1-0